[Event "World Open"]
[Site "Philadelphia USA"]
[Date "2009.07.03"]
[Round "5"]
[White "Mikhalevski,V"]
[Black "Lenderman,A"]
[Result "1/2-1/2"]
[WhiteElo "2625"]
[BlackElo "2434"]
[EventDate "2009.06.29"]

1. d4 d5 2. c4 c6 3. Nf3 Nf6 4. e3 Bf5 5. Nc3 e6 6. Nh4 Bg4 7. Qb3 Qb6 8.
h3 Bh5 9. Bd2 Nbd7 10. g4 Bg6 11. Nxg6 hxg6 12. g5 Ng8 13. e4 dxe4 14. Qxb6
Nxb6 15. Nxe4 O-O-O 16. Be3 Bb4+ 17. Nd2 Ne7 18. O-O-O Nf5 19. Nf3 c5 20.
dxc5 Nxe3 21. fxe3 Bxc5 22. Re1 Nd7 23. Bg2 f5 24. e4 f4 25. Kc2 Be3 26.
Rd1 a5 27. b3 Kc7 28. e5 Nc5 29. Rxd8 Rxd8 30. Rd1 Rxd1 31. Kxd1 Nd3 32. a3
Nc1 33. Kc2 Ne2 34. Kd3 Nc1+ 35. Kc2 Ne2 36. Nh4 Bc5 37. Kd3 f3 38. Bxf3
Nf4+ 39. Kc3 Bf2 40. Ng2 Nxh3 41. Bg4 Nxg5 42. Nf4 Kd7 43. Nxg6 Bg3 44. Kd4
Bf2+ 45. Kc3 Bg3 46. c5 Kc6 47. Kc4 b5+ 48. cxb6 Kxb6 49. Nf8 Nf7 50. Nd7+
Kc6 51. Bxe6 Nxe5+ 52. Nxe5+ Bxe5 1/2-1/2

[Event "World Open"]
[Site "Philadelphia USA"]
[Date "2009.07.03"]
[Round "5"]
[White "Zapata,Alo"]
[Black "Kacheishvili,G"]
[Result "1-0"]
[WhiteElo "2514"]
[BlackElo "2613"]
[EventDate "2009.06.29"]

1. e4 c6 2. d4 d5 3. exd5 cxd5 4. Bd3 Nc6 5. c3 Nf6 6. Nf3 Bg4 7. O-O Qc7
8. Re1 e6 9. Nbd2 Bd6 10. Nf1 O-O-O 11. Bg5 h6 12. Bh4 Bf4 13. Bg3 Nh5 14.
Ne3 Bxf3 15. Qxf3 Nxg3 16. fxg3 Bg5 17. Ng4 Rdf8 18. Bb5 Ne7 19. Ne5 Nf5
20. Re2 Nd6 21. a4 a6 22. Bd3 Kb8 23. Rf2 h5 24. Qe2 Ka7 25. Rf3 Rc8 26.
Bc2 f5 27. Rff1 Rh6 28. a5 Bf6 29. Ba4 Ne4 30. Nd7 Rd8 31. Nxf6 gxf6 32.
Bc2 h4 33. Bxe4 hxg3 34. Bxf5 gxh2+ 35. Kh1 exf5 36. Rxf5 Rh4 37. Qf2 Re4
38. Re1 Rde8 39. Rxe4 Rxe4 40. Rxf6 Qe7 41. Rf7 Qe8 42. Qf6 Re1+ 43. Kxh2
Qb8+ 44. Qf4 Qh8+ 45. Kg3 Re2 46. Qc7 Qg8+ 47. Rg7 Qb8 1-0

[Event "World Open"]
[Site "Philadelphia USA"]
[Date "2009.07.03"]
[Round "5"]
[White "Esserman,M"]
[Black "Ramirez,Alej"]
[Result "0-1"]
[WhiteElo "2391"]
[BlackElo "2563"]
[EventDate "2009.06.29"]

1. e4 c5 2. d4 cxd4 3. c3 Nf6 4. e5 Nd5 5. Nf3 d6 6. cxd4 e6 7. Nc3 Nxc3 8.
bxc3 Qc7 9. Bd2 Nd7 10. exd6 Bxd6 11. Bd3 b6 12. O-O Bb7 13. h3 O-O 14. Re1
Bf4 15. Be3 Nf6 16. c4 Rad8 17. Qd2 Bxe3 18. fxe3 Bxf3 19. gxf3 e5 20. Qh2
Rfe8 21. Rad1 Re7 22. Bf1 Rde8 23. d5 Rd8 24. a4 Qc5 25. Qd2 Ne8 26. a5 Nd6
27. axb6 axb6 28. Qb2 g6 29. Rb1 Nxc4 30. Bxc4 Qxc4 31. e4 Qc8 32. Qxb6 Rc7
33. Re2 Kg7 34. Kg2 Qd7 35. Qe3 Rdc8 36. Qg5 Qd6 37. Rd1 h6 38. Qe3 Rc3 39.
Rd3 Rc1 40. Re1 R8c2+ 41. Re2 Qb4 42. Rdd2 Rc3 43. Rd3 R3c2 44. Rdd2 Rc7
45. Rb2 Qc4 46. Rbd2 Qa6 47. f4 R7c3 48. Qf2 Qf6 49. Re3 exf4 50. Rxc3 Rxc3
51. Qd4 Qxd4 52. Rxd4 Kf8 53. e5 g5 54. Re4 Rg3+ 55. Kh2 Rd3 56. d6 Rd2+
57. Kg1 f6 58. h4 Rd5 59. hxg5 hxg5 60. exf6 Kf7 61. Re7+ Kxf6 62. Rd7 Ke6
63. Rg7 Kxd6 64. Kf2 Ke6 65. Kf3 Kf6 66. Ra7 Rd3+ 67. Kg4 Rg3+ 68. Kh5 f3
69. Ra6+ Ke7 70. Ra7+ Kd6 71. Ra6+ Kc7 72. Ra7+ Kb6 73. Rf7 g4 74. Kh4 Rg2
75. Kg5 f2 76. Rf4 g3 77. Kg4 Rg1 78. Rf5 f1=Q 79. Rxf1 Rxf1 0-1

[Event "World Open"]
[Site "Philadelphia USA"]
[Date "2009.07.03"]
[Round "5"]
[White "Hughes,D"]
[Black "Hanken,J"]
[Result "1/2-1/2"]
[WhiteElo "2011"]
[BlackElo "1910"]
[EventDate "2009.06.29"]

1. e4 g6 2. Nf3 Bg7 3. d4 c6 4. c3 d5 5. Nbd2 a6 6. Bd3 e6 7. O-O Ne7 8.
Re1 O-O 9. Nb3 dxe4 10. Bxe4 Nd7 11. Bf4 Nf6 12. Bc2 Ned5 13. Bd2 b5 14.
Ne5 Nd7 15. Nxc6 Qc7 16. Nb4 Nxb4 17. cxb4 Bb7 18. Rc1 Qd6 19. Bc3 Rad8 20.
Be4 Bxe4 21. Rxe4 Nf6 22. Re1 Nd5 23. Nc5 Nf4 24. Qf3 Rc8 25. Rcd1 Rc7 26.
h4 h5 27. g3 Rd8 1/2-1/2

[Event "World Open"]
[Site "Philadelphia USA"]
[Date "2009.07.03"]
[Round "5"]
[White "Bradford,J"]
[Black "Morshedi,A"]
[Result "0-1"]
[WhiteElo "2419"]
[BlackElo "2347"]
[EventDate "2009.06.29"]

1. Nf3 Nf6 2. c4 g6 3. Nc3 Bg7 4. e4 d6 5. d4 O-O 6. Be2 e5 7. O-O Nc6 8.
d5 Ne7 9. b4 Nh5 10. Re1 f5 11. Ng5 Nf6 12. f3 Kh8 13. a4 Nh5 14. Ra3 Nf4
15. Bf1 h6 16. Bxf4 exf4 17. Ne6 Bxe6 18. dxe6 c6 19. a5 Be5 20. Na4 Qc8
21. a6 b6 22. c5 dxc5 23. bxc5 b5 24. exf5 Rxf5 25. Nb6 axb6 26. Rxe5 Rxe5
27. Qa1 Qc7 0-1

[Event "World Open"]
[Site "Philadelphia USA"]
[Date "2009.07.04"]
[Round "6"]
[White "Ehlvest,J"]
[Black "Zapata,Alo"]
[Result "1/2-1/2"]
[WhiteElo "2606"]
[BlackElo "2514"]
[EventDate "2009.06.29"]

1. d4 Nf6 2. c4 g6 3. Nc3 Bg7 4. e4 d6 5. Be2 Nbd7 6. Nf3 e5 7. O-O O-O 8.
Qc2 c6 9. Rd1 Qe7 10. Rb1 a5 11. Be3 Ng4 12. Bg5 f6 13. Bh4 h5 14. h3 Nh6
15. c5 dxc5 16. dxe5 Nf7 17. exf6 Bxf6 18. Bxf6 Qxf6 19. Na4 Nfe5 20. Nxe5
Qxf2+ 21. Kh1 Nxe5 22. Rf1 Qe3 23. Nb6 Bxh3 24. Nxa8 Rxa8 25. Rbe1 Qg3 26.
gxh3 Qxh3+ 27. Kg1 Qg3+ 28. Kh1 1/2-1/2

[Event "World Open"]
[Site "Philadelphia USA"]
[Date "2009.07.04"]
[Round "6"]
[White "Gareev,T"]
[Black "Mikhalevski,V"]
[Result "0-1"]
[WhiteElo "2590"]
[BlackElo "2625"]
[EventDate "2009.06.29"]

1. Nf3 Nf6 2. c4 g6 3. Nc3 d5 4. cxd5 Nxd5 5. Qa4+ Bd7 6. Qb3 Nb6 7. h4 h6
8. Ne5 Be6 9. Qc2 N6d7 10. Nd3 Nc6 11. Nf4 Bf5 12. e4 Bg4 13. Bc4 Nd4 14.
Qa4 Bg7 15. f3 O-O 16. d3 Nb6 17. Qd1 Nxc4 18. dxc4 Bd7 19. Nfe2 c5 20. Be3
Bc6 21. Qd2 e5 22. Bxh6 Bxh6 23. Qxh6 Nc2+ 24. Kf2 Nxa1 25. h5 Qf6 26. hxg6
Qg7 27. gxf7+ Rxf7 28. Qc1 Rf6 29. Qxa1 Kf7 30. Qd1 Rg8 31. g3 Rh8 32. Rxh8
Qxh8 33. Nd5 Qh2+ 34. Ke3 Qh6+ 35. f4 Rg6 36. Qf1 Kg7 37. Kd3 exf4 38. gxf4
Qh2 39. f5 Rh6 40. Ndf4 Rd6+ 41. Ke3 Kf7 42. Ng6 Rd8 43. Qf4 Qxf4+ 44.
Nexf4 Kf6 45. Nd5+ Kg5 46. Ne5 Rf8 47. Kf3 Be8 48. Kg3 Bh5 49. Nd7 Rc8 50.
Nf4 Bf7 51. b3 Rd8 52. Nxc5 Rd1 53. Nd5 Bxd5 54. cxd5 b6 55. Nd7 Rd3+ 56.
Kg2 Re3 57. f6 Rxe4 0-1

[Event "World Open"]
[Site "Philadelphia USA"]
[Date "2009.07.04"]
[Round "6"]
[White "Kacheishvili,G"]
[Black "Molner,M"]
[Result "1-0"]
[WhiteElo "2613"]
[BlackElo "2384"]
[EventDate "2009.06.29"]

1. d4 Nf6 2. Nf3 e6 3. g3 c5 4. Bg2 cxd4 5. Nxd4 a6 6. O-O Qc7 7. e4 d6 8.
Nc3 Be7 9. Be3 O-O 10. f4 Nc6 11. a4 Nxd4 12. Bxd4 e5 13. Be3 Be6 14. f5
Bc4 15. Rf2 b5 16. a5 b4 17. Na4 Qc6 18. Nb6 Rad8 19. b3 Bb5 20. Rc1 Qb7
21. c4 bxc3 22. Rxc3 d5 23. Nxd5 Nxd5 24. exd5 Bb4 25. Rc1 Bxa5 26. f6 g6
27. Bc5 Bb6 28. Qd2 Kh8 29. b4 Rg8 30. Be4 Qb8 31. Qe3 Bc7 32. Ba7 Qc8 33.
Rfc2 1-0

[Event "World Open"]
[Site "Philadelphia USA"]
[Date "2009.07.04"]
[Round "7"]
[White "Perelshteyn,E"]
[Black "Stocek,J"]
[Result "1/2-1/2"]
[WhiteElo "2543"]
[BlackElo "2573"]
[EventDate "2009.06.29"]

1. d4 Nf6 2. c4 e6 3. Nc3 Bb4 4. g3 O-O 5. Bg2 d6 6. Nf3 Nbd7 7. O-O Re8 8.
Nd2 h6 9. e4 c6 10. a3 Bxc3 11. bxc3 e5 12. Re1 b6 13. a4 a5 14. Qb3 Qc7
15. Ba3 Ba6 16. Rab1 Rab8 17. Qa2 Nf8 18. h4 Bc8 19. c5 bxc5 20. dxc5 Rxb1
21. Qxb1 dxc5 22. Bxc5 N8d7 23. Ba3 Nb6 24. Qc2 Rd8 25. Bc5 Be6 26. Ra1
Nbd7 27. Ba3 c5 28. Nf1 c4 29. Ne3 Nc5 30. Bxc5 Qxc5 31. Qb2 Nd7 32. Qd2
Rb8 33. Bf1 Nf6 34. Bg2 Qb6 35. Nd5 Bxd5 36. exd5 Qd6 37. Qe2 Rc8 38. Re1
Qc5 39. d6 Qxd6 40. Qxe5 Qd2 41. Rf1 Qd8 42. Rb1 Qd3 43. Rf1 Qd8 44. Bf3
Nd7 45. Qd5 Rc5 46. Qd6 Qf6 47. Qxf6 Nxf6 48. Rd1 Kf8 49. Rd4 g5 50. hxg5
hxg5 51. Kg2 Ke7 52. Be2 Nd5 53. Bxc4 Nxc3 54. Bb3 f5 55. f3 Re5 56. Rd3
Ne2 57. Bd1 Nc1 58. Rd2 Re3 59. Kf2 f4 60. gxf4 gxf4 61. Bc2 Na2 62. Rd4
Nc3 63. Bh7 Re2+ 64. Kf1 Rh2 65. Bg8 Rh8 66. Bc4 Kf6 67. Rxf4+ Ke5 68. Rg4
Nxa4 1/2-1/2

[Event "World Open"]
[Site "Philadelphia USA"]
[Date "2009.07.04"]
[Round "7"]
[White "Ramirez,Alej"]
[Black "Kacheishvili,G"]
[Result "1/2-1/2"]
[WhiteElo "2563"]
[BlackElo "2613"]
[EventDate "2009.06.29"]

1. d4 Nf6 2. c4 e6 3. Nc3 Bb4 4. e3 c5 5. Nge2 b6 6. a3 Ba5 7. Rb1 Na6 8.
Bd2 O-O 9. Nf4 cxd4 10. exd4 Bxc3 11. bxc3 Nb8 12. Bd3 Nc6 13. O-O Ba6 14.
Re1 Na5 15. c5 Bxd3 16. Nxd3 h6 17. Ne5 d6 18. cxd6 Rc8 19. Qf3 Nc4 20.
Nxc4 Rxc4 21. Rb4 Rc8 22. Qg3 Kh8 23. Qe5 Rc6 24. Ra4 a5 25. c4 Rxd6 26. c5
Rd5 27. Qg3 bxc5 28. Rxa5 e5 29. Ra6 exd4 30. Qf3 Rd6 31. Ra7 Re8 32. Rc1
Kg8 33. Rxc5 Qb6 34. Rac7 Rd7 35. Rc8 Rdd8 36. Rxd8 Qxd8 37. Rc1 Ne4 38.
Qd3 Nxd2 39. Qxd2 d3 40. Rd1 Qd6 41. g3 Re4 42. Qc3 1/2-1/2

[Event "World Open"]
[Site "Philadelphia USA"]
[Date "2009.07.04"]
[Round "7"]
[White "Ivanov,AV USA"]
[Black "Hess,Ro"]
[Result "1-0"]
[WhiteElo "2516"]
[BlackElo "2485"]
[EventDate "2009.06.29"]

1. e4 e5 2. Nf3 Nc6 3. Bb5 a6 4. Ba4 d6 5. O-O Bd7 6. c3 Nge7 7. d4 Ng6 8.
Re1 Be7 9. Nbd2 h6 10. Nf1 Bg5 11. Nxg5 hxg5 12. d5 Nb8 13. Bxd7+ Nxd7 14.
g3 Qf6 15. c4 O-O-O 16. b4 Nf4 17. gxf4 exf4 18. e5 Nxe5 19. Bb2 f3 20.
Bxe5 dxe5 21. Qd3 Rh4 22. Re4 Qf5 23. Ng3 Qh3 24. Qxf3 Qxh2+ 25. Kf1 Rf4
26. Qg2 Qh7 27. Rxe5 Rxc4 28. Rxg5 Rxb4 29. Rf5 g6 30. Re5 f6 31. Re6 f5
32. Rae1 Rd4 33. Re8 Qd7 34. Rxd8+ Qxd8 35. Ne2 Rg4 36. Qf3 Qd6 37. Ng3 Rd4
38. Re6 Qxd5 39. Qxd5 Rxd5 40. Rxg6 f4 41. Ne4 Ra5 42. Ke2 Rxa2+ 43. Kf3 b6
44. Kxf4 Rb2 45. Ke5 Rb5+ 46. Ke6 Rb4 47. Kd5 Kb7 48. f4 Rb5+ 49. Kd4 a5
50. Rg5 Rb1 51. f5 a4 52. Rg2 a3 53. Ra2 1-0

[Event "World Open"]
[Site "Philadelphia USA"]
[Date "2009.07.04"]
[Round "7"]
[White "Fedorowicz,J"]
[Black "Lenderman,A"]
[Result "1/2-1/2"]
[WhiteElo "2485"]
[BlackElo "2434"]
[EventDate "2009.06.29"]

1. d4 Nf6 2. c4 e6 3. Nf3 d5 4. g3 Bb4+ 5. Bd2 Be7 6. Bg2 O-O 7. O-O c6 8.
Qc2 b6 9. b3 Bb7 10. Bc3 Nbd7 11. Nbd2 c5 12. dxc5 Nxc5 13. Qb2 Rc8 14.
Rad1 Qe8 15. Qa1 dxc4 16. Nxc4 Qb5 17. Nd4 Qa6 18. Bxb7 Qxb7 19. Nb5 Qa8
20. Be5 Ncd7 21. Bd6 Bxd6 22. Nbxd6 Rc5 23. b4 Rd5 24. Ne3 Rxd1 25. Rxd1
Rd8 26. Qc3 Nf8 27. Qc7 Rd7 28. Qc8 Qxc8 29. Nxc8 Rc7 30. Rd8 g6 31. Nd6
Rc1+ 32. Kg2 Ra1 33. Nec4 Rxa2 34. Ne5 Rxe2 35. Ndxf7 Kg7 36. Ra8 Ra2 37.
Nd6 N8d7 38. Nc6 Rd2 39. Ne8+ Kh6 40. Nxf6 Nxf6 41. Rxa7 Nd5 42. Rf7 g5
1/2-1/2

[Event "World Open"]
[Site "Philadelphia USA"]
[Date "2009.07.04"]
[Round "7"]
[White "Shabalov,A"]
[Black "Bareev,E"]
[Result "1-0"]
[WhiteElo "2569"]
[BlackElo "2636"]
[EventDate "2009.06.29"]

1. e4 c6 2. d4 d5 3. e5 Bf5 4. Nd2 e6 5. Nb3 Nd7 6. Nf3 Ne7 7. Be2 Qc7 8.
O-O f6 9. Bf4 Ng6 10. Bg3 fxe5 11. dxe5 Ngxe5 12. Nh4 O-O-O 13. Nd4 Re8 14.
Nhxf5 exf5 15. c4 dxc4 16. Nxf5 g6 17. Ne3 Bd6 18. Kh1 Nb6 19. a4 a5 20.
Qd2 Bb4 21. Qd4 h5 22. Rfd1 Kb8 23. h3 Rh7 24. Bxc4 Rd7 25. Qe4 Rde7 26.
Bb3 Ka7 27. Rac1 Qc8 28. Qd4 Ned7 29. Bc2 Nc5 30. Bd6 Rd7 31. Nc4 Re6 32.
Qxc5 Bxc5 33. Bxc5 Rxd1+ 34. Rxd1 Qe8 35. Bxb6+ Ka6 36. Rd8 1-0

[Event "World Open"]
[Site "Philadelphia USA"]
[Date "2009.07.04"]
[Round "7"]
[White "Friedel,J"]
[Black "Cheng,Bi"]
[Result "1-0"]
[WhiteElo "2516"]
[BlackElo "2361"]
[EventDate "2009.06.29"]

1. d4 d5 2. c4 c6 3. Nf3 Nf6 4. Nc3 a6 5. Bg5 Ne4 6. Bf4 Nxc3 7. bxc3 dxc4
8. g3 Nd7 9. Bg2 b5 10. O-O Bb7 11. Qb1 e6 12. Nd2 Nb6 13. a4 Nd5 14. Nxc4
Nxc3 15. Qb2 Nd5 16. Bd2 bxc4 17. Qxb7 Qc8 18. Qxc8+ Rxc8 19. Rfc1 c3 20.
Bxc3 Nxc3 21. Rxc3 Bb4 22. Rc4 a5 23. Bxc6+ Ke7 24. Rac1 Rc7 25. Bb5 Rxc4
26. Rxc4 Rd8 27. Rc7+ Kf6 28. e3 Bd6 29. Ra7 Bb4 30. f4 Kg6 31. g4 Rf8 32.
Bd3+ Kh6 33. g5+ Kh5 34. Kg2 h6 35. g6 fxg6 36. Kh3 1-0

[Event "World Open"]
[Site "Philadelphia USA"]
[Date "2009.07.04"]
[Round "7"]
[White "Hanken,J"]
[Black "Yeager,D"]
[Result "1-0"]
[WhiteElo "1910"]
[BlackElo "2372"]
[EventDate "2009.06.29"]

1. c4 c5 2. g3 g6 3. Bg2 Bg7 4. e3 d6 5. Ne2 Nc6 6. Nbc3 e5 7. O-O Nge7 8.
Rb1 O-O 9. d3 Be6 10. Nd5 Rb8 11. h3 a6 12. f4 b5 13. b3 Bxd5 14. cxd5 Nb4
15. e4 Nxa2 16. Bd2 a5 17. f5 f6 18. h4 Nb4 19. Rf3 Ra8 20. fxg6 hxg6 21.
Bh3 a4 22. Be6+ Kh7 23. g4 a3 24. g5 fxg5 25. Rh3 g4 26. Bxg4 Ng8 27. h5 g5
28. h6 Nxh6 29. Kg2 Rf4 30. Nxf4 exf4 31. Bf5+ Kg8 32. Be6+ Kf8 33. Rxh6
Bxh6 34. Qh5 Qe7 35. Bc3 Qh7 36. Bf5 f3+ 37. Kxf3 Qf7 38. Qxh6+ Ke7 39.
Qxg5+ Kf8 40. Rh1 1-0

[Event "World Open"]
[Site "Philadelphia USA"]
[Date "2009.07.04"]
[Round "7"]
[White "Arnold,Mar"]
[Black "Homa,S"]
[Result "1/2-1/2"]
[WhiteElo "2408"]
[BlackElo "2266"]
[EventDate "2009.06.29"]

1. d4 d5 2. c4 c6 3. Nf3 Nf6 4. Nbd2 e6 5. e3 Nbd7 6. Bd3 b6 7. O-O Bb7 8.
Qe2 Be7 9. e4 dxe4 10. Nxe4 O-O 11. b3 c5 12. Bb2 Nxe4 13. Bxe4 Bxe4 14.
Qxe4 Nf6 15. Qe2 cxd4 16. Nxd4 Qc7 17. Rad1 Rad8 18. Qf3 Rc8 19. g4 h6 20.
Qg2 Rfd8 21. f4 Nh7 22. Kh1 a6 23. f5 e5 24. Ne2 b5 25. Nc3 bxc4 26. Nd5
Qa7 27. Bxe5 cxb3 28. axb3 Rd7 29. h3 Bh4 30. Rd2 Bg5 31. Rd3 Nf6 32. Bxf6
Bxf6 33. Qd2 Qb7 34. Rd1 Rxd5 35. Rxd5 Qxb3 36. Rd3 Qa4 37. Qg2 Rc2 38.
R3d2 Rc3 39. Rd3 Rc2 40. R3d2 Rc3 41. Rd3 Rc2 1/2-1/2

[Event "World Open"]
[Site "Philadelphia USA"]
[Date "2009.07.04"]
[Round "7"]
[White "Naroditsky,D"]
[Black "Rensch,D"]
[Result "0-1"]
[WhiteElo "2335"]
[BlackElo "2399"]
[EventDate "2009.06.29"]

1. e4 e5 2. Nf3 Nc6 3. Bb5 Nf6 4. d3 d6 5. O-O Be7 6. c3 O-O 7. Nbd2 Bg4 8.
Re1 Nd7 9. h3 Bh5 10. Nf1 a6 11. Bxc6 bxc6 12. Ng3 Bxf3 13. Qxf3 c5 14. Nf5
Kh8 15. d4 Bf6 16. dxe5 Nxe5 17. Qe2 Re8 18. f4 Ng6 19. Qf3 Rb8 20. Rb1 Qd7
21. Qd3 Qb5 22. Qxb5 axb5 23. g4 Nh4 24. Nxh4 Bxh4 25. Re2 Ra8 26. b4 c4
27. a3 f6 28. Kg2 g5 29. Bb2 gxf4 30. Rd1 Kg7 31. Kf3 Bg3 32. Bc1 Kg6 33.
Ra2 h5 34. Bxf4 Bxf4 35. Kxf4 hxg4 36. hxg4 Rh8 37. Rd5 Rh3 38. Rxb5 Rxc3
39. Rb7 c6 40. Rb6 Rc8 41. a4 Rd3 42. a5 c3 43. a6 d5 44. a7 Re8 45. Re2
Rd2 46. Re1 c2 47. a8=Q Rxa8 48. Rc1 Ra3 49. g5 fxg5+ 50. Ke5 Rc3 51. b5
Rd1 52. Rxc6+ Rxc6 53. bxc6 Rxc1 54. c7 Rf1 55. c8=Q c1=Q 56. Qe8+ Kg7 0-1

[Event "World Open"]
[Site "Philadelphia USA"]
[Date "2009.07.05"]
[Round "8"]
[White "Najer,E"]
[Black "Shabalov,A"]
[Result "1-0"]
[WhiteElo "2669"]
[BlackElo "2569"]
[EventDate "2009.06.29"]

1. e4 c5 2. Nf3 d6 3. d4 cxd4 4. Nxd4 Nf6 5. Nc3 a6 6. Be3 g6 7. f3 h5 8.
Qd2 Bg7 9. O-O-O b5 10. Nd5 Bb7 11. Nxf6+ Bxf6 12. Kb1 Nd7 13. c4 bxc4 14.
Bxc4 Rb8 15. Rc1 O-O 16. Rhd1 Ne5 17. Bb3 a5 18. Bg5 Bh8 19. Bh6 Qb6 20.
Bxf8 Kxf8 21. Rc3 Nd7 22. Bd5 Nc5 23. Bxb7 Qxb7 24. Rc2 a4 25. Qc3 Bf6 26.
Qc4 Kg7 27. Qd5 Qb6 28. f4 Nd7 29. e5 dxe5 30. Nc6 exf4 31. Qxd7 Bxb2 32.
Nxb8 Bc3+ 33. Kc1 Qe3+ 34. Rcd2 Qc5 35. Na6 Qc4 36. Rc2 1-0

[Event "World Open"]
[Site "Philadelphia USA"]
[Date "2009.07.05"]
[Round "8"]
[White "Gareev,T"]
[Black "Zapata,Alo"]
[Result "1/2-1/2"]
[WhiteElo "2590"]
[BlackElo "2514"]
[EventDate "2009.06.29"]

1. d4 Nf6 2. Nf3 g6 3. Bg5 Bg7 4. e3 O-O 5. Nbd2 d5 6. c3 Nbd7 7. Be2 Re8
8. O-O e5 9. Qb3 exd4 10. cxd4 c6 11. h3 Qb6 12. Qc2 Nf8 13. Bd3 Ne6 14.
Rfc1 Nxg5 15. Nxg5 Bh6 16. Ngf3 a5 17. Rab1 Qd8 18. Ne5 Bf8 19. f4 Nd7 20.
Ndf3 Nxe5 21. fxe5 Bh6 22. Re1 Be6 23. Qf2 Rf8 24. Kh1 Qe7 25. Rf1 Rae8 26.
Rbe1 Bc8 27. Qg3 f6 28. e4 dxe4 29. Rxe4 fxe5 30. Rxe5 Bf4 31. Rxe7 Bxg3
32. Bc4+ Kh8 33. Rxe8 Rxe8 34. Ne5 Bf5 35. Rf3 Bxe5 36. Re3 Kg7 37. dxe5
Be6 38. Bxe6 Rxe6 39. g4 Re7 40. Kg2 Kf7 41. Kf3 Ke6 42. Kf4 Rd7 43. Kg5 a4
44. b3 axb3 45. axb3 c5 46. h4 b5 47. h5 gxh5 48. gxh5 Rc7 49. Kf4 Rf7+ 50.
Kg5 Rc7 51. Kf4 Rd7 52. Kg5 c4 53. bxc4 bxc4 54. Rc3 Rc7 55. Kf4 Kd5 56. e6
Kxe6 57. Ke4 Rc5 58. h6 Rc6 59. Kd4 Kf5 60. Rxc4 Rxh6 61. Ke3 1/2-1/2

[Event "World Open"]
[Site "Philadelphia USA"]
[Date "2009.07.05"]
[Round "8"]
[White "Lenderman,A"]
[Black "Ramirez,Alej"]
[Result "1-0"]
[WhiteElo "2434"]
[BlackElo "2563"]
[EventDate "2009.06.29"]

1. d4 d5 2. c4 c6 3. Nf3 Nf6 4. Nc3 a6 5. c5 Bf5 6. Nh4 Be6 7. h3 g6 8. Bf4
Bg7 9. e3 b6 10. cxb6 Qxb6 11. a3 Nbd7 12. Na4 Qb7 13. Rc1 Ne4 14. Nf3 O-O
15. Nd2 g5 16. Bh2 Bf5 17. Qb3 Qa7 18. Nxe4 Bxe4 19. f3 Bg6 20. Rxc6 Rac8
21. Rxa6 Rc1+ 22. Kd2 Qxa6 23. Bxa6 Rxh1 24. Bc7 Rg1 25. g4 Rg2+ 26. Ke1 e5
27. Qb5 exd4 28. Qxd7 dxe3 29. Bd6 Ra8 30. Nb6 Rxb2 31. Nxa8 Bc3+ 32. Kf1
Rb1+ 33. Kg2 Rb2+ 34. Kg1 Rb1+ 35. Bf1 h6 36. Qe8+ Kh7 37. Be5 Bxe5 38.
Qxe5 d4 39. Nc7 1-0

[Event "World Open"]
[Site "Philadelphia USA"]
[Date "2009.07.05"]
[Round "9"]
[White "Potkin,V"]
[Black "Kraai,J"]
[Result "1/2-1/2"]
[WhiteElo "2621"]
[BlackElo "2488"]
[EventDate "2009.06.29"]

1. d4 Nf6 2. c4 e6 3. Nf3 b6 4. g3 Ba6 5. Qc2 c5 6. d5 exd5 7. cxd5 g6 8.
Nc3 Bg7 9. e4 O-O 10. Bxa6 Nxa6 11. O-O d6 12. Re1 Nc7 13. Bf4 Nh5 14. Bd2
Qd7 15. Re2 1/2-1/2

[Event "World Open"]
[Site "Philadelphia USA"]
[Date "2009.07.05"]
[Round "9"]
[White "Stocek,J"]
[Black "Mikhalevski,V"]
[Result "1-0"]
[WhiteElo "2573"]
[BlackElo "2625"]
[EventDate "2009.06.29"]

1. d4 Nf6 2. c4 g6 3. Nc3 d5 4. Nf3 Bg7 5. cxd5 Nxd5 6. e4 Nxc3 7. bxc3 c5
8. Be3 Qa5 9. Bd2 O-O 10. Be2 Nc6 11. O-O e6 12. a4 Bd7 13. Rb1 Qc7 14. Bg5
Rfe8 15. h4 h6 16. Be3 Rad8 17. Qc1 Kh7 18. Re1 Rc8 19. Qd2 Red8 20. h5 Be8
21. hxg6+ fxg6 22. Qb2 Na5 23. Bb5 cxd4 24. Bxd4 b6 25. Bxg7 Qxg7 26. e5
Bxb5 27. axb5 Rd5 28. Rbd1 Nc4 29. Qb1 Rcd8 30. Rd4 Rxd4 31. cxd4 Rc8 32.
Qe4 Qf7 33. Rd1 Kg7 34. d5 exd5 35. Rxd5 Qe6 36. Nd4 Qe8 37. e6 Rd8 38.
Rxd8 Qxd8 39. e7 Qe8 40. Ne6+ Kf6 41. Nc7 Qd7 42. e8=N+ Kf7 43. Qxc4+ Ke7
44. Nd5+ 1-0

[Event "World Open"]
[Site "Philadelphia USA"]
[Date "2009.07.05"]
[Round "9"]
[White "Kudrin,S"]
[Black "Stopa,Ja"]
[Result "1-0"]
[WhiteElo "2563"]
[BlackElo "2471"]
[EventDate "2009.06.29"]

1. e4 c5 2. Nf3 d6 3. d4 cxd4 4. Nxd4 Nf6 5. Nc3 e6 6. g4 h6 7. h3 a6 8.
Bg2 Qc7 9. Be3 b5 10. a3 Bb7 11. f4 Nbd7 12. Qe2 Nc5 13. Bd2 Qb6 14. g5
hxg5 15. fxg5 Nfd7 16. g6 O-O-O 17. gxf7 Ne5 18. Be3 b4 19. axb4 Qxb4 20.
O-O Rd7 21. Nb3 Rxf7 22. Rxf7 Nxf7 23. Nxc5 dxc5 24. Na4 Ne5 25. c3 Qb5 26.
Qxb5 axb5 27. Nxc5 Nc4 28. Nxb7 Nxe3 29. Nc5 Bxc5 30. Ra8+ Kd7 31. Rxh8
Nd1+ 32. Kf1 Bd6 33. Rh5 Nxb2 34. Rxb5 Nd1 35. Rg5 Bf8 36. Rg3 1-0

[Event "World Open"]
[Site "Philadelphia USA"]
[Date "2009.07.05"]
[Round "9"]
[White "Arnold,Mar"]
[Black "Hess,Ro"]
[Result "1/2-1/2"]
[WhiteElo "2408"]
[BlackElo "2485"]
[EventDate "2009.06.29"]

1. d4 Nf6 2. c4 e6 3. Nc3 Bb4 4. Qc2 d5 5. Nf3 c5 6. dxc5 d4 7. a3 Ba5 8.
b4 dxc3 9. bxa5 Qxa5 10. Bf4 Nbd7 11. e3 Nxc5 12. Be5 Nfe4 13. Bd3 f5 14.
O-O O-O 15. Bxe4 Nxe4 16. Bd4 Bd7 17. a4 Nd2 18. Nxd2 cxd2 19. Bc3 1/2-1/2

[Event "World Open"]
[Site "Philadelphia USA"]
[Date "2009.07.05"]
[Round "9"]
[White "Hanken,J"]
[Black "Thavandiran,S"]
[Result "0-1"]
[WhiteElo "1910"]
[BlackElo "2291"]
[EventDate "2009.06.29"]

1. c4 e5 2. g3 Nf6 3. Bg2 c6 4. d4 Bb4+ 5. Bd2 Bxd2+ 6. Qxd2 e4 7. e3 d5 8.
cxd5 cxd5 9. Nc3 O-O 10. Nge2 Nc6 11. O-O Be6 12. Nf4 Qd7 13. Rfc1 Rac8 14.
a3 g5 15. Nxe6 Qxe6 16. b4 Kg7 17. Ra2 h5 18. Qd1 h4 19. gxh4 g4 20. Rac2
Ne7 21. Ne2 Ng6 22. Qf1 Nxh4 23. Nf4 Qd7 24. Rxc8 Rxc8 25. Rxc8 Qxc8 26. h3
gxh3 27. Bxh3 Qc3 28. Kh2 Nf3+ 29. Kg3 Qxa3 30. Bg2 Nxd4 0-1